000 01072nam a22003137a 4500
001 BR8003938
003 BR-BrBNA
005 20230928090637.0
007 ta
008 230509b bl.||||| |||| 00| 0 por d
040 _aBR-BrBNA
_bpor
_cBiblioteca Nacional de Agricultura
041 _a(Por)
072 _aH10
_b3290
_b4020
090 _ 3290 BR8003938
100 1 _aPedrozo, D.J.
110 1 _aUniversidade Federal do Parana, Curitiba (Brasil). Setor de Ciencias Agrarias
_0Tese (Mestrado)
245 1 _aContribuicao ao estudo do Oncideres impluviata (Germar, 1824)e seus danos na bracatinga (Mimosa scabrella)Benth [Serrador]
260 3 _aCuritiba, PR (Brasil):
_c1980.
300 _a83 p.
500 _a12 illus.; 13 tables; 35 ref.; Summaries (Eng, Por). (*) Documento disponível na(o) UFPR, Curitiba, PR (Brazil). Biblioteca Central
650 _aPRAGA DE PLANTA
650 _aARVORE FLORESTAL
650 _aINSETO
650 _aBRACATINGA
650 _aSERRADOR
650 _aCOLEOPTERO
909 _a202309
_bLucia
_c55
_dLucia Elande
942 _cBK
999 _c29798
_d29798